000 00700nam a2200217 i 4500
001 47231
003 ES-MaACL
005 20250804062557.0
007 t|
008 030404s1982 sp ||||1| spa d
020 _a84-206-1934-5
100 1 _aConze, Edward.
_940343
245 1 0 _aBreve historia del budismo /
_cEdward Conze ; [traductor, Mauro Hernández].
260 _aMadrid :
_bAlianza,
_c[1982]
300 _a157 p. ;
_c18 cm.
490 1 _aEl libro de bolsillo. Sección humanidades ;
_v934
700 1 _aHernández Benítez, Mauro.
_962889
830 0 3 _aEl libro de bolsillo.
_pHumanidades
_v934
_9178672
852 _aES-MaACL
_jL-10359
_bR.112336
999 _c47231
_d47231